000 00310nam a22001337a 4500
008 170926b xxu||||| |||| 00| 0 eng d
020 _aO9780132063920
041 _aeng
080 _a37
100 _a46
101 _aEDU
245 _aMAKING COOPERATIVE LEARNING WORK
_cVERMETTE.P.J
942 _2udc
_cBK
999 _c29855
_d29855